00620 2200217 4500001002100000005001500021035002000036007000300056008004100059020001900100082001000119084001600129100001900145245009500164260004200259300003200301650002500333700002000358990001200378990001200390INLIS00000000000185220180404091205 a0010-0418000009ta180404 g 0 ind  a97860239433623 a153.8 a153.8 LIT s0 aLITA, Iqtianty1 aSurvival Guide Book for Girl: Love and Dating /cLita Iqtianty; penyunting, Marina Ariyani aJakarta :bBhuana Ilmu Populer,c2017 a100 hlm. :bilus. ;c21 cm. aMOTIVASI (PSIKOLOGI)0 aMARINA, Ariyani a16574 a a16574 b